000 00633nam a2200229Ia 4500
005 20260320201851.0
008 008 262003s9999 xx 000 0 eng d
037 _aEBOOK
040 _aCRL
040 _beng
040 _cCRL
041 _2eng
041 _aeng
084 _qCRL
100 _aAllbee
_91136162
245 0 _aHands-On Software Engineering with Python: Move beyond basic programming to design, maintain, and deploy extensible Python systems
260 _bIEEE
856 _uhttps://ieeexplore.ieee.org/servlet/opac?bknumber=11321120
942 _cEBOOK
999 _c1723988
_d1723988